Прихожанка (Запис № 395560)

МАРК-запис
000 -Лідер
fixed length control field 00685cas a22002417a 4500
001 - Контрольний номер
control field 109646
003 - Ідентифікатор контрольного номера
control field UA-OsUOA
005 - Дата та час останнього входження (трансакції)
control field 20211008120251.0
007 - Фіксоване поле фізичного опису
fixed length control field ta
008 - Елементи даних фіксованої довжини – загальна інформація
fixed length control field 201501c n ||un ||n| 00| 0 ukr dukr d
040 ## - Джерело каталогізації
Агенція оригінальної каталогізації UA-OsUOA
Мова каталогізації rus
Агенція, яка здійснювала перезапис UA-OsUOA
Агенція, яка здійснювала модифікацію UA-OsUOA
041 ## - Код мови
Код мови тексту/ звукової доріжки чи окремого заголовка (П) rus
044 ## - Код країни видавця/ виробника
Код країни видавця/ виробника (П) UA
080 ## - Індекс Універсальної десяткової класифікації
Індекс Універсальної десяткової класифікації (УДК) (НП) 2
090 ## - Локальний шифр розміщення
Класифікаційний індекс УДК 2
Авторський знак (НП) П77
099 ## - Місцевий розмір звичайного тексту (OCLC)
Передплатний індекс 99935
245 ## - Відомості про назву
Назва (НП) Прихожанка
Дані про відповідальність (НП) глав. ред. Велигодськая В. Ю.
Решта назви (НП) правосоавная ежемесячная газета
260 ## - Публікація, розповсюдження і т.п. (Вихідні дані)
Місце публікації, розповсюдження і т.п. (П) К.
650 #7 - Додаткове предметне введення – тематичний термін
Джерело заголовка чи терміна UDC
Загальний підрозділ 2 Релігія. Теологія
942 ## - Додаткові елементи входу (Коха)
Тип елемента Koha Газета
Source of classification or shelving scheme Universal Decimal Classification
955 ## - Код типу видання за змістом
Код типу видання за змістом (НП) інше

Немає доступних примірників.